[Event "Zug FIDE GP"]
[Site "Zug"]
[Date "2013.04.29"]
[Round "10"]
[White "Karjakin, Sergey"]
[Black "Kamsky, Gata"]
[Result "0-1"]
[WhiteElo "2786"]
[BlackElo "2741"]
[Annotator "Sumets,A"]
[PlyCount "112"]
[EventDate "2013.04.18"]
[EventType "tourn"]
[EventRounds "11"]
[EventCountry "SUI"]
[EventCategory "21"]
[SourceTitle "CBM 154"]
[Source "ChessBase"]
[SourceDate "2013.05.15"]
[SourceVersion "1"]
[SourceVersionDate "2013.05.15"]
[SourceQuality "1"]

1. d4 d5 2. c4 c6 3. Nc3 Nf6 4. Nf3 a6 5. e3 g6 6. Bd3 Bg7 7. O-O O-O 8. Qb3 {
This is not the most popular move, though I believe that the move 8.Qb3 might
be the strongest one.} dxc4 {In his previous games G. Kamsky played 8...e6 and
had some opening problems:} (8... e6 9. e4 (9. Bd2 Nbd7 10. Rfd1 Rb8 11. Qc2 $6
(11. e4 dxe4 12. Nxe4 e5 13. dxe5 Nxe5 14. Nxe5 Nxe4 15. Nxc6 $5 (15. Bxe4 Bxe5
16. Bc3 Qf6 $11) 15... Nxd2 16. Rxd2 Qg5 17. Rad1 Bh3 18. Bf1 bxc6 19. Qxh3
Bxb2 $11) 11... b5 12. b3 Bb7 13. e4 $6 (13. cxd5 cxd5 14. Ne2 $11) 13... b4 (
13... bxc4 $5 14. bxc4 c5 15. exd5 cxd4 16. Nxd4 exd5 $15) 14. e5 bxc3 15. exf6
Bxf6 16. Bf4 $6 (16. Bxc3 c5 17. dxc5 Nxc5 18. Bf1 $11) 16... dxc4 $6 (16... c5
$1 17. Bxb8 Qxb8 18. Qxc3 cxd4 19. Qb4 (19. Nxd4 $2 e5 $19) 19... dxc4 20. Bxc4
Ne5 $15) 17. Be4 cxb3 18. Qxb3 c5 19. Bxb7 c4 20. Qxc3 Rxb7 21. Qxc4 Qa8 $11 {
Beinoras,M-Kamsky,G 40-th Olimpiad Istanbul TUR 2012 0-1 (58)}) 9... dxe4 10.
Bxe4 (10. Nxe4 Nxe4 11. Bxe4 Nd7 12. Bf4 c5 $6 (12... e5 13. dxe5 (13. Nxe5 Nf6
14. Bf3 Qxd4) 13... Nc5 14. Qc2 Nxe4 15. Qxe4 Bf5 16. Qe3 Qd3 17. Qxd3 Bxd3 18.
Rfc1 h6 $44) 13. Rad1 (13. Bd6 cxd4 14. Rad1 (14. Bxf8 $6 Qxf8 15. Rfe1 Nc5 $44
)) 13... cxd4 14. Bd6 Re8 (14... e5 $5 15. Rfe1 a5 16. Bd5 $16) 15. c5 Qa5 16.
c6 bxc6 17. Nxd4 Nc5 18. Nxc6 Nxb3 19. Nxa5 Nxa5 20. Bxa8 $18 {1-0 Wang
Hao-Kamsky,G SportAccord Blitz Men Beijing 2012 (40)}) 10... Nbd7 11. Be3 Qc7
12. c5 Ng4 (12... e5 $5 13. d5 (13. Qc4 Ng4 14. d5 Nxe3 15. fxe3 cxd5 16. Nxd5
Qxc5 17. Rac1 Qxc4 18. Rxc4 f5 19. Bc2 e4 $15 {Ftacnik,L}) 13... Nxe4 14. Nxe4
cxd5 15. Qxd5 Nf6 16. Qd6 $11) 13. Bg5 e5 14. Be7 exd4 15. Na4 Qf4 16. Rfe1 $6
Re8 $6 (16... Nde5 $1 17. g3 (17. Bd6 Be6 18. Qxb7 Nxf3+ 19. Bxf3 Be5 20. Bxe5
Nxe5 21. Bd1 Rfb8 22. Qe7 Re8 23. Qb7 Bd5 24. Rf1 Rab8 25. Qa7 Qe4 26. f3 Qe3+
27. Kh1 Nd3 $19) 17... Qh6 18. h4 Be6 19. Qd1 Rfe8 20. Bg5 Qh5 21. Nb6 (21.
Nxd4 Rad8 $1 22. Bxd8 Rxd8 $19) 21... Rab8 22. Nxe5 Nxe5 23. Qxh5 gxh5 $17) 17.
Bd6 Be5 $6 (17... Nde5 18. h3 Nxf3+ 19. Qxf3 Qxf3 20. Bxf3 Ne5 21. Nb6 Nxf3+
22. gxf3 Bxh3 $13) 18. Bc2 $1 $16 {Jakovenko,D-Kamsky,G Jermuk FIDE Gp 2009
1-0 (28)}) 9. Bxc4 Ne8 $5 (9... b5 {The main line. I don't think that Black
gets an equal game here.} 10. Be2 {Black has tried 10...Nd7, 10...c5 and 10...
Bf5, but he can't be happy with the results.} Bf5 (10... c5 11. dxc5 Nbd7 (
11... Qc7 12. a4 Nbd7 13. axb5 Nxc5 14. Qb4 Rb8 15. Bd2 axb5 16. Nxb5 (16. Rfc1
Ne6 17. Nxb5 Qd8 18. Rd1 $16) 16... Qb6 17. Qa3 Bd7 $6 (17... Nfe4 $1 18. Ba5
Qb7 $44) 18. Ba5 Qb7 19. Nbd4 Nfe4 20. b4 $16 {Karpov,A-Ljubojevic,L Amsterdam
1988 1/2-1/2 (79)}) 12. Qa3 (12. c6 $5 Nb8 13. a4 Be6 14. Qa3 Nxc6 15. axb5
axb5 16. Qxa8 Qxa8 17. Rxa8 Rxa8 18. Bxb5 $16) 12... Rb8 13. b4 Nxc5 14. Bb2
Ncd7 15. Rfd1 Qb6 16. Rd2 $6 (16. Qb3 Bb7 17. Rac1 $14) 16... Bb7 17. Rad1 Qc7
18. Rc1 Qb6 19. Nb1 Rbc8 20. Bd4 Qe6 21. Rdc2 {1/2-1/2 Kruppa Y - Itkis,B
Platonov Memorial 3-rd Kiev 2005}) (10... Nbd7 11. e4 Nb6 12. Bf4 (12. Rd1 Be6
13. Qc2 Qc7 14. a4 Rfc8 (14... b4 15. a5 $1 Nbd7 16. Na4 Qxa5 17. Ng5 Qc7 18.
Nxe6 fxe6 19. Bc4 $16) 15. a5 Nbd7 16. h3 Ne8 17. Be3 $16 {Edouard,R-Villegas,
P 12 th Ch-EUR Aix-les-Bains FRA 2011 1-0 (39)}) 12... Be6 13. Qc2 Bc4 14. Rfd1
Rc8 15. Rac1 Bxe2 16. Qxe2 Qd7 17. h3 Qb7 18. Bg5 Rfe8 19. e5 Nfd5 20. Ne4 $16
{Carlsen,M-Malakhov,V FIDE World-Cup Khanty Mansiysk 2005 1-0 (34)}) 11. Ng5
Bg4 (11... c5 $6 12. e4 cxd4 13. exf5 dxc3 14. fxg6 hxg6 15. Qxc3 Ra7 16. Qh3
Qc8 17. Qh4 $16 {Ragger,M-Rapport,R Rapport-Ragger Match Szombathely HUN 2011
1-0 (71)}) 12. Bxg4 Nxg4 13. Nce4 Nf6 14. Nxf6+ exf6 15. Nf3 Nd7 16. Bd2 c5 17.
a4 bxa4 18. Rxa4 Qb8 19. Qa2 $14 {1-0 Bacrot,E-Nanu,C TCh-FRA Top 12 2012 1-0 
(39)}) 10. Rd1 Nd6 11. Be2 Bg4 12. e4 $146 {A new move. It would be
interesting to see how Kamsky was going to play after the simple 12.h3:} (12.
h3 Bxf3 13. Bxf3 Nd7 14. Ne4 {a very solid move} (14. e4 $5 {It seems to me
that White has got an advantage} e5 $8 15. dxe5 Bxe5 (15... Nxe5 $6 16. Be2 Qc7
17. f4 Nd7 18. e5 Nf5 19. Ne4 $16) 16. Be3 Qe7 17. Rd3 Rfd8 18. Rad1 $14) 14...
Qc7 15. Qc2 Rac8 16. Bd2 Nxe4 17. Bxe4 e5 18. dxe5 Bxe5 19. Rac1 Nf6 20. Bf3
Rfd8 21. b3 $14 {1/2-1/2 Chernin,A-Movsesian,S Austria chT 2001}) 12... Nd7 13.
e5 (13. h3 Bxf3 14. Bxf3 Qb6 $5 15. Qxb6 Nxb6 16. Bg5 Rfe8 17. Rac1 $14) 13...
Nb5 14. a4 Nxc3 15. bxc3 b5 {The critical moment in the game. I think White
should have chosen between 16.c4 and 16.axb5. In any case, White's chances
would be better.} 16. a5 $6 (16. c4 $5 Be6 (16... Nb6 17. axb5 axb5 18. Rxa8
Qxa8 19. cxb5 cxb5 20. h3 $5 Be6 (20... Bxf3 21. Bxf3 Qa4 22. Qxa4 bxa4 (22...
Nxa4 23. Ba3 Rb8 24. Bxe7 Nc3 25. Rd3 b4 26. Kf1 $16) 23. Ba3 Rc8 24. Rb1 $1 (
24. Bc5 Nd7 25. Bxe7 Bf8 26. Bxf8 Kxf8 27. Kf1 Rc2 $44) 24... Nc4 25. Rc1 Bf8
26. Bb7 Rb8 (26... Rc7 $2 27. Ba6 $18) 27. Rxc4 Rxb7 28. Rxa4 $16) 21. Qxb5 Rb8
22. Qc5) 17. Be3 Rb8 18. Ng5 (18. a5 $5 bxc4 19. Qc2 Bd5 20. Bxc4 e6 21. Qe2
$14) 18... bxc4 19. Qc2 Bd5 20. Bxc4 $14) (16. axb5 $5 axb5 17. Bg5) 16... c5
$1 17. h3 Be6 $1 (17... Bxf3 $2 18. Bxf3 Rb8 19. e6 $16) 18. d5 Bf5 $132 {
Black has good counterplay. Probably Sergey Karjakin overestimated his
position or miscalculated somewhere.} 19. Bf4 (19. e6 $5 Ne5 20. Nxe5 Bxe5 21.
Bh6 Qd6 $1 (21... Re8) (21... Re8 22. g4 c4 23. Qb2 Be4 24. exf7+ Kxf7 25. Bxc4
$1 bxc4 26. Qe2 $16) (21... Bg7 $2 22. Bxg7 Kxg7 23. c4 $1 b4 $2 24. g4 $18)
22. Bxf8 Rxf8 $44) 19... c4 20. Qb4 Rc8 (20... Qc7 {Kamsky, G} 21. Qxe7 Rae8
22. e6 Qxf4 23. exf7+ Rxf7 24. Qxe8+ Rf8 25. Qe7 Bxc3 $13) 21. Bg3 Be4 22. Ng5
Bd3 $1 (22... Nc5 23. Bg4 Bf5 24. Bxf5 gxf5 25. e6 f6 (25... Nd3 $6 26. Rxd3
cxd3 27. Qh4 h6 28. exf7+ Rxf7 29. Nxf7 Kxf7 30. Qh5+ Kg8 31. Qxf5 Rxc3 32.
Qe6+ Kh7 33. Qe4+ Kg8 34. Rd1 $16 {Karjakin,S}) 26. Nf7 Rxf7 27. exf7+ Kxf7 28.
Qb1 Qd7 $132) 23. Bxd3 (23. Bg4 {Black could have chosen between 23...h5 and
23...Ne5. In any case, he would have had slightly better chances.} h5 (23...
Nxe5 24. Bxc8 Qxc8 25. Qxe7 Qf5 26. h4 h6 27. Nh3 Be4 28. Nf4 Nd3 29. Nxd3 cxd3
$13) 24. Nxf7 Rxf7 25. Bxd7 Qxd7 26. e6 Qxd5 27. exf7+ Kxf7 28. Qa3 Qc5 {
with good compensation for an exchange.}) 23... cxd3 24. e6 $6 (24. d6 e6 $1
25. Nf3 Rc4 26. Qb2 Nc5 $36) 24... Rc4 (24... Bxc3 25. exf7+ Rxf7 26. Nxf7 Kxf7
27. Qg4 Bxa1 28. Rxa1 Rc4 29. Qe6+ Kg7 30. d6 Nc5 $13) 25. Qb1 $2 {A wrong
move order.} ({He should have played} 25. exf7+ $1 Rxf7 26. Nxf7 Kxf7 27. Qb1
Nc5) 25... Nc5 26. exf7+ Rxf7 27. Nxf7 {Black could get an advantage after ...
Qd5:} Kxf7 $2 (27... Qxd5 $1 28. Ne5 Bxe5 29. Bxe5 Qxe5 30. Rxd3 Nxd3 31. Qxd3
Rxc3 $17) 28. d6 Bxc3 (28... Rxc3 29. Qa2+ e6 30. Rac1 b4 31. Qd2 Bd4 32. d7 $5
(32. Qh6 $6 Kg8 33. Qh4 Qxh4 34. Bxh4 e5 $17) (32. Qf4+ Qf6 33. d7 Qxf4 34.
Bxf4 Ke7 $1 (34... Nxd7 35. Rxc3 bxc3 36. Rxd3 e5 37. Be3 (37. Bxe5 $4 Nxe5 38.
Rxd4 c2 $19) 37... Nc5 38. Bxd4 Nxd3 39. Bxc3 $11) 35. Bd6+ Kxd7 36. Bxc5 Rxc5
37. Rxc5 Bxc5 38. Rxd3+ Kc6 $17)) 29. Ra3 $1 (29. dxe7 Qd4 $1 30. Ra2 Kxe7 $17
{Kamsky, G}) 29... exd6 30. Rxd3 Nxd3 31. Qxd3 Qf6 (31... Bxa5 $6 32. Qd5+ Kg7
33. Qb7+ Qc7 34. Qxa6 Bb4 35. Rb3 $44) 32. Qd5+ Kg7 33. Qb7+ (33. Bxd6 $5 Rd4
34. Qb7+ Kh6 35. Rxc3 Rxd6 {Kamsky,G} (35... Qxd6 36. g3 Rc4 37. Rxc4 bxc4 38.
Qc8 $11) 36. Rc1 Qf4 37. Re1 Rd2 38. Qa7 b4 39. g3 Qf3 40. Rf1 Qd3 41. Qf7 {
Due to the exposed position of the black king, White might be able to make a
draw.}) 33... Qf7 34. Qxa6 b4 35. Ra4 $6 {This move doesn't spoil anything,
but life would be easier for White if he played 35.Rb3.} (35. Rb3 $1 Rc5 $11 {
Kamsky} 36. Bxd6 Rxa5 37. Qxa5 Qxb3 38. Be5+ Bxe5 39. Qxe5+ Kf7 40. Qc7+ Kf6
41. Qd8+ $11) 35... Rd4 (35... h5 $5 36. Bxd6 (36. Qxd6 Qe8 37. Qd5 Qxa4 38.
Qxc4 Qxa5 $15) 36... Bd4 37. Bg3 h4 38. Bxh4 Qf4 39. Qxc4 Bxf2+ 40. Bxf2 Qxc4
41. a6 Qc1+ 42. Kh2 Qc6 43. Ra1 Qf6 44. Ra4 Qxf2 45. a7 Qf4+ $11) 36. Qb6 {
Both opponents have dangerous passed pawns. However the white pieces are
uncoordinated. So Black has a good opportunity to create an unpleasant attack.}
Qe8 37. Qb7+ Kh6 38. a6 $1 Qe1+ $5 (38... Qxa4 {Taking the rook also leads to
a draw:} 39. a7 Rd1+ 40. Kh2 Ra1 (40... Qa1 $4 41. Bf4+ g5 42. a8=Q $18) 41.
Qe7 $1 g5 $8 (41... Qxa7 $4 42. Bf4+ g5 43. Qxg5#) 42. Qe6+ Kg7 43. Qe7+ Kg6
44. Qe6+ Bf6 45. Qg8+ Kf5 46. Qd5+ Be5 47. Bxe5 dxe5 48. Qf7+ Ke4 49. Qc4+ Kf5
50. Qf7+ $11) 39. Kh2 Rd1 40. Bf4+ g5 41. Qf7 $4 {The decisive mistake.} (41.
Qf3 $1 gxf4 42. Qxf4+ Kg6 43. Qg4+ Kf6 44. Qf4+ Ke6 45. Qg4+ Ke7 46. Qh4+ Kd7
47. Qg4+ Kc7 48. Qc4+ Kb6 (48... Kd7 49. Qf7+ Kc6 50. Qc4+) 49. a7 Be5+ 50. f4
Qg1+ 51. Kg3 Bxf4+ 52. Qxf4 Rd3+ 53. Kh4 Qe1+ 54. Kg5 (54. g3 Qe7+ 55. Kg4 Qd7+
56. Kh4 Qe7+ $11) 54... Qe7+ 55. Kh6 Qe6+ 56. Kxh7 Qe7+ 57. Kh6 Qe6+ 58. Kg7
$11) 41... Qg1+ 42. Kg3 Rd3+ 43. Be3 (43. f3 Be1+ 44. Kg4 Qxg2+ 45. Kf5 gxf4
46. Qf6+ Kh5 $19) 43... Rxe3+ $1 {Now the game is over. Unfortunately for
White, all lines are forced and there are mostly no chances for Black to make
a mistake.} 44. fxe3 Be5+ 45. Kg4 Qxg2+ 46. Kf5 Qxh3+ 47. Ke4 Qg4+ 48. Kd5 (48.
Kd3 Qd1+) 48... Qd1+ 49. Ke6 Qxa4 50. Qf8+ Kh5 51. Qf3+ g4 52. Qb7 Qe8+ 53. Kd5
Qg8+ 54. Kc6 Qc4+ 55. Kd7 Qf7+ 56. Kc6 Qxb7+ 0-1

[Event "Zug FIDE GP"]
[Site "Zug"]
[Date "2013.04.30"]
[Round "11"]
[White "Kamsky, Gata"]
[Black "Giri, Anish"]
[Result "1/2-1/2"]
[WhiteElo "2741"]
[BlackElo "2727"]
[PlyCount "112"]
[EventDate "2013.04.18"]
[EventType "tourn"]
[EventRounds "11"]
[EventCountry "SUI"]
[EventCategory "21"]
[SourceTitle "CBM 154"]
[Source "ChessBase"]
[SourceDate "2013.05.15"]
[SourceVersion "1"]
[SourceVersionDate "2013.05.15"]
[SourceQuality "1"]

1. Nf3 c5 2. c4 Nf6 3. g3 d5 4. cxd5 Nxd5 5. Bg2 Nc6 6. Nc3 Nc7 7. Qa4 Bd7 8.
Qe4 Ne6 9. Ne5 Nxe5 10. Qxe5 Qb8 11. Qxb8+ Rxb8 12. d3 g6 13. Be3 Bg7 14. Rb1
f5 15. Kd2 a5 16. Rhc1 Nd4 17. Bxd4 cxd4 18. Nd5 Bc6 19. Rc5 Bh6+ 20. Kd1 Kf7
21. Bf3 e5 22. Rxa5 Ra8 23. b4 Rxa5 24. bxa5 e4 25. dxe4 fxe4 26. Bxe4 Rd8 27.
Kc2 Bf8 28. a4 Bxd5 29. Bxd5+ Rxd5 30. Rxb7+ Be7 31. a6 Ra5 32. a7 Rxa4 33. Kb3
Ra5 34. Kc4 Ke6 35. Kxd4 Bc5+ 36. Ke4 Bxf2 37. Rxh7 Bxa7 38. Kf3 Rf5+ 39. Kg4
Be3 40. h4 Rf2 41. h5 g5 42. Rh8 Kf7 43. Rh7+ Kf6 44. Rh6+ Kf7 45. Rh7+ Ke6 46.
Rh8 Bd4 47. Ra8 Bf6 48. Ra6+ Kf7 49. e4 Re2 50. Kf5 Rf2+ 51. Kg4 Rh2 52. h6
Rxh6 53. e5 Bg7 54. Rxh6 Bxh6 55. Kh5 Bg7 56. Kxg5 Bxe5 1/2-1/2

[Event "USA-ch"]
[Site "Saint Louis"]
[Date "2013.05.03"]
[Round "1"]
[White "Kamsky, Gata"]
[Black "Shabalov, Alexander"]
[Result "1-0"]
[WhiteElo "2741"]
[BlackElo "2544"]
[PlyCount "87"]
[EventDate "2013.05.03"]
[EventType "swiss"]
[EventRounds "9"]
[EventCountry "USA"]
[SourceTitle "CBM 154 Extra"]
[Source "ChessBase"]
[SourceDate "2013.06.25"]
[SourceVersion "2"]
[SourceVersionDate "2013.06.25"]
[SourceQuality "1"]

1. e4 e6 2. d4 d5 3. Nd2 Nf6 4. e5 Nfd7 5. f4 c5 6. c3 Nc6 7. Ngf3 Be7 8. dxc5
a5 9. Nb3 a4 10. Nbd4 Nxc5 11. Be3 O-O 12. a3 Na5 13. Qc2 Nc4 14. Bf2 Ra6 15.
Be2 f5 16. exf6 Rxf6 17. g3 Rb6 18. Rb1 Bd7 19. O-O Be8 20. Bxc4 dxc4 21. Ne5
Qd5 22. Ndf3 Rd6 23. Bxc5 Qxc5+ 24. Kg2 Rf5 25. h4 Bf6 26. Rbd1 Bxe5 27. Nxe5
Bc6+ 28. Kh2 b5 29. Rxd6 Qxd6 30. Qe2 Rf8 31. Rd1 Bd5 32. Rd4 Qc7 33. h5 Qd8
34. Kh3 Qc7 35. Qe3 Qa7 36. g4 Re8 37. Kg3 Ba8 38. g5 Qb7 39. Rd2 Qh1 40. h6
Be4 41. Rh2 Qb1 42. Re2 Bb7 43. hxg7 Rd8 44. Qb6 1-0

[Event "USA-ch"]
[Site "Saint Louis"]
[Date "2013.05.04"]
[Round "2"]
[White "Troff, Kayden W"]
[Black "Kamsky, Gata"]
[Result "0-1"]
[WhiteElo "2421"]
[BlackElo "2741"]
[PlyCount "64"]
[EventDate "2013.05.03"]
[EventType "swiss"]
[EventRounds "9"]
[EventCountry "USA"]
[SourceTitle "CBM 154 Extra"]
[Source "ChessBase"]
[SourceDate "2013.06.25"]
[SourceVersion "2"]
[SourceVersionDate "2013.06.25"]
[SourceQuality "1"]

1. d4 f5 2. c4 Nf6 3. Nc3 d6 4. g3 g6 5. Bg2 Bg7 6. Nh3 e6 7. Qa4+ c6 8. d5 O-O
9. dxe6 Bxe6 10. Ng5 Bc8 11. O-O Qe7 12. Qa3 Nbd7 13. Rd1 Ne8 14. Be3 Ne5 15.
c5 dxc5 16. Bxc5 Qxg5 17. f4 Qf6 18. fxe5 Qxe5 19. Bxf8 Bxf8 20. Qb3+ Kg7 21.
Bf3 Nd6 22. Na4 Nb5 23. Qd3 Be6 24. Kg2 g5 25. Kh1 Be7 26. Qc2 g4 27. Bg2 h5
28. e4 h4 29. exf5 Bxf5 30. Qc4 h3 31. Re1 hxg2+ 32. Kxg2 Qf6 0-1

[Event "USA-ch"]
[Site "Saint Louis"]
[Date "2013.05.05"]
[Round "3"]
[White "Kamsky, Gata"]
[Black "Christiansen, Larry Mark"]
[Result "1-0"]
[WhiteElo "2741"]
[BlackElo "2579"]
[PlyCount "149"]
[EventDate "2013.05.03"]
[EventType "swiss"]
[EventRounds "9"]
[EventCountry "USA"]
[SourceTitle "CBM 154 Extra"]
[Source "ChessBase"]
[SourceDate "2013.06.25"]
[SourceVersion "2"]
[SourceVersionDate "2013.06.25"]
[SourceQuality "1"]

1. e4 c5 2. Nf3 Nc6 3. Bb5 g6 4. O-O Bg7 5. c3 Nf6 6. Re1 O-O 7. h3 Qb6 8. Bf1
e5 9. d3 d5 10. exd5 Nxd5 11. Qb3 Qxb3 12. axb3 Rd8 13. g3 f6 14. Nbd2 Nc7 15.
Nc4 Bf5 16. Rd1 Be6 17. Be3 Bf8 18. Nfd2 Nd5 19. Re1 Bf7 20. g4 b6 21. Bg2 Rac8
22. Ne4 Kg7 23. Ng3 Rc7 24. Be4 b5 25. Na5 Nce7 26. Bxc5 Nf4 27. Be3 Nxh3+ 28.
Kh2 Nf4 29. d4 Ned5 30. c4 exd4 31. Bxd4 Ne6 32. cxd5 Nxd4 33. Red1 f5 34. gxf5
gxf5 35. Bg2 f4 36. Nf1 f3 37. Rxd4 fxg2 38. Ne3 Bc5 39. Rg4+ Kh8 40. Nc6 Rxd5
41. Nxd5 Rxc6 42. Ne3 Bxb3 43. Kxg2 Be6 44. Rg5 Bf7 45. Ng4 Bb6 46. Rxb5 Rg6
47. Kf3 Be8 48. Rb4 Bc6+ 49. Ke2 Re6+ 50. Ne3 Rf6 51. Rg1 Bf3+ 52. Kd3 Rd6+ 53.
Kc2 Bh5 54. Rc4 Bg6+ 55. Kc1 Rd8 56. Rd1 Rf8 57. Rd7 Be8 58. Rc8 Bxd7 59. Rxf8+
Kg7 60. Rf4 h5 61. Nd5 Bd8 62. Rd4 Be6 63. Kd1 h4 64. Ke2 Bc8 65. Kf1 Kf7 66.
Kg1 Bb7 67. Ne3 Ke8 68. Nf5 Bf6 69. Ra4 Bd5 70. b4 Be6 71. Ra6 Kf7 72. Rxa7+
Kg6 73. Ne7+ Kg5 74. Ra5+ Kg4 75. Ra6 1-0

[Event "USA-ch"]
[Site "Saint Louis"]
[Date "2013.05.06"]
[Round "4"]
[White "Holt, Conrad"]
[Black "Kamsky, Gata"]
[Result "0-1"]
[WhiteElo "2513"]
[BlackElo "2741"]
[PlyCount "76"]
[EventDate "2013.05.03"]
[EventType "swiss"]
[EventRounds "9"]
[EventCountry "USA"]
[SourceTitle "CBM 154 Extra"]
[Source "ChessBase"]
[SourceDate "2013.06.25"]
[SourceVersion "2"]
[SourceVersionDate "2013.06.25"]
[SourceQuality "1"]

1. d4 d5 2. c4 c6 3. Nf3 Nf6 4. Nc3 a6 5. e3 g6 6. h3 Bg7 7. Bd3 O-O 8. O-O e6
9. b3 Re8 10. Bb2 Nbd7 11. Qc2 b6 12. Rfd1 Bb7 13. e4 dxe4 14. Nxe4 Nxe4 15.
Bxe4 f5 16. Bd3 c5 17. Be2 Qe7 18. dxc5 bxc5 19. Bxg7 Qxg7 20. Qd2 Re7 21. b4
e5 22. bxc5 Nxc5 23. Qa5 Rc8 24. Rab1 Ree8 25. Nd2 e4 26. Nb3 Ne6 27. c5 e3 28.
fxe3 Qe5 29. Qd2 Rcd8 30. Qe1 Bd5 31. Bxa6 Ra8 32. Bb5 Rxa2 33. Rxd5 Qxd5 34.
e4 fxe4 35. Bxe8 e3 36. Bf7+ Kxf7 37. Qg3 Kg7 38. Nc1 Nf4 0-1

[Event "USA-ch"]
[Site "Saint Louis"]
[Date "2013.05.07"]
[Round "5"]
[White "Kamsky, Gata"]
[Black "Benjamin, Joel"]
[Result "1/2-1/2"]
[WhiteElo "2741"]
[BlackElo "2534"]
[PlyCount "110"]
[EventDate "2013.05.03"]
[EventType "swiss"]
[EventRounds "9"]
[EventCountry "USA"]
[SourceTitle "CBM 154 Extra"]
[Source "ChessBase"]
[SourceDate "2013.06.25"]
[SourceVersion "2"]
[SourceVersionDate "2013.06.25"]
[SourceQuality "1"]

1. d4 Nf6 2. Nf3 g6 3. Bf4 Bg7 4. c3 d6 5. h3 O-O 6. e3 c5 7. dxc5 dxc5 8. Qxd8
Rxd8 9. Nbd2 Nc6 10. e4 b6 11. Bb5 Bb7 12. O-O-O a6 13. Ba4 b5 14. Bc2 c4 15.
Rhe1 Rac8 16. Kb1 Nd7 17. Be3 Nde5 18. Nxe5 Nxe5 19. Bd4 Bh6 20. Bxe5 Bxd2 21.
Rf1 f6 22. Bd4 Bf4 23. g3 Bc7 24. f4 e5 25. fxe5 fxe5 26. Bc5 Rxd1+ 27. Rxd1
Rd8 28. Rf1 Bd6 29. Bb6 Rd7 30. b3 Kg7 31. Kb2 Bc6 32. h4 Be7 33. Rf2 h6 34.
Rh2 Rb7 35. Be3 Bf8 36. Rd2 Rd7 37. Rxd7+ Bxd7 38. bxc4 bxc4 39. Bd1 Bd6 40.
Be2 Be6 41. g4 Be7 42. h5 g5 43. Bb6 Bd6 44. Ba5 Kf7 45. Bb4 Ke7 46. Ka3 a5 47.
Bxd6+ Kxd6 48. Ka4 Kc5 49. Kxa5 Bc8 50. Ka4 Bd7+ 51. Ka3 Bc6 52. Bf3 Kb5 53.
Kb2 Bd7 54. Bd1 Ka5 55. Be2 Be6 1/2-1/2

[Event "USA-ch"]
[Site "Saint Louis"]
[Date "2013.05.12"]
[Round "9"]
[White "Robson, Ray"]
[Black "Kamsky, Gata"]
[Result "1/2-1/2"]
[WhiteElo "2620"]
[BlackElo "2741"]
[PlyCount "87"]
[EventDate "2013.05.03"]
[EventType "swiss"]
[EventRounds "9"]
[EventCountry "USA"]
[SourceTitle "CBM 154 Extra"]
[Source "ChessBase"]
[SourceDate "2013.06.25"]
[SourceVersion "2"]
[SourceVersionDate "2013.06.25"]
[SourceQuality "1"]

1. e4 c5 2. Nf3 e6 3. d4 cxd4 4. Nxd4 a6 5. Bd3 b6 6. O-O Bb7 7. f4 Nf6 8. Qe2
Bc5 9. c3 d6 10. b4 Bxd4+ 11. cxd4 Nc6 12. d5 Nxb4 13. Bc4 exd5 14. exd5+ Kf8
15. Nc3 Qc7 16. Ba3 a5 17. Rac1 Re8 18. Nb5 Qc5+ 19. Qf2 Ne4 20. Qxc5 bxc5 21.
Rfe1 f5 22. Rxe4 fxe4 23. Nxd6 Re7 24. Be2 Rd7 25. Nxe4 Bxd5 26. Rxc5 Bxe4 27.
Rxa5 Rd4 28. Rb5 Kf7 29. Bxb4 Rc8 30. Kf2 Bd5 31. Kg3 Rc2 32. Bf3 Bxf3 33. Kxf3
Rd3+ 34. Ke4 Rd8 35. Rb7+ Kg8 36. g3 Re2+ 37. Kf5 Rd5+ 38. Kg4 h5+ 39. Kh3 Rd3
40. Rb8+ Kh7 41. Rb5 Rxa2 42. Rxh5+ Kg8 43. Kg4 Rb2 44. Ba5 1/2-1/2

[Event "USA-ch playoff"]
[Site "Saint Louis"]
[Date "2013.05.13"]
[Round "1"]
[White "Kamsky, Gata"]
[Black "Ramirez Alvarez, Alejandro"]
[Result "1/2-1/2"]
[WhiteElo "2741"]
[BlackElo "2551"]
[PlyCount "126"]
[EventDate "2013.05.13"]
[EventType "match (rapid)"]
[EventRounds "3"]
[EventCountry "USA"]
[SourceTitle "CBM 154 Extra"]
[Source "ChessBase"]
[SourceDate "2013.06.25"]
[SourceVersion "2"]
[SourceVersionDate "2013.06.25"]
[SourceQuality "1"]

1. d4 Nf6 2. Nf3 c5 3. g3 cxd4 4. Nxd4 g6 5. Bg2 Bg7 6. O-O O-O 7. c4 Qc7 8.
Na3 d6 9. b3 a6 10. Bb2 Nc6 11. Qd2 Bd7 12. Rac1 Nxd4 13. Bxd4 Bc6 14. Nb5 Qd7
15. Nc3 Bxg2 16. Kxg2 b5 17. Bxf6 Bxf6 18. Nd5 Rac8 19. cxb5 Qxb5 20. Nxf6+
exf6 21. e3 Rc6 22. Rxc6 Qxc6+ 23. Kg1 Rc8 24. Rd1 Qc2 25. Qxc2 Rxc2 26. a4 Rc6
27. Rd4 Kf8 28. Rb4 Ke7 29. Rb7+ Ke6 30. a5 Rc2 31. g4 h5 32. gxh5 gxh5 33. Kg2
f5 34. Rb6 Rb2 35. Kf3 Ke5 36. Rxa6 Rxb3 37. Ra8 Ra3 38. a6 f4 39. a7 Kf5 40.
Ke2 fxe3 41. fxe3 h4 42. h3 Ra4 43. Kd3 Kf6 44. Kc3 Ke7 45. Kb3 Ra1 46. Kc4 Ra5
47. Kb4 Ra1 48. Kb5 Rb1+ 49. Kc6 Rc1+ 50. Kd5 Rc5+ 51. Ke4 Ra5 52. Kf4 Kf6 53.
Kg4 Ra4+ 54. Kh5 Kf5 55. e4+ Kf6 56. Kxh4 d5 57. Kg3 dxe4 58. Kf4 Kg7 59. h4
Kh7 60. h5 Kg7 61. h6+ Kh7 62. Ke3 f5 63. Kf4 Ra6 1/2-1/2

[Event "USA-ch playoff"]
[Site "Saint Louis"]
[Date "2013.05.13"]
[Round "2"]
[White "Ramirez Alvarez, Alejandro"]
[Black "Kamsky, Gata"]
[Result "1/2-1/2"]
[WhiteElo "2551"]
[BlackElo "2741"]
[PlyCount "127"]
[EventDate "2013.05.13"]
[EventType "match (rapid)"]
[EventRounds "3"]
[EventCountry "USA"]
[SourceTitle "CBM 154 Extra"]
[Source "ChessBase"]
[SourceDate "2013.06.25"]
[SourceVersion "2"]
[SourceVersionDate "2013.06.25"]
[SourceQuality "1"]

1. e4 e5 2. Nf3 Nc6 3. Bb5 a6 4. Ba4 Nf6 5. O-O Be7 6. Re1 b5 7. Bb3 O-O 8. a4
Bb7 9. d3 d6 10. h3 Qd7 11. Nc3 Na5 12. Ba2 b4 13. Nd5 Nxd5 14. Bxd5 c6 15. Ba2
c5 16. c3 Bc6 17. Bd5 bxc3 18. bxc3 Bxd5 19. exd5 Rab8 20. c4 Nb3 21. Rb1 Nxc1
22. Qxc1 Qxa4 23. Ra1 Qb3 24. Ra3 Qb7 25. Qa1 f5 26. Rxa6 Ra8 27. Ra2 Rxa2 28.
Qxa2 Ra8 29. Rb1 Rxa2 30. Rxb7 Bf6 31. Rb8+ Kf7 32. Rb7+ Ke8 33. Rb1 Kd7 34.
Rd1 h5 35. g4 hxg4 36. hxg4 e4 37. dxe4 fxg4 38. e5 gxf3 39. exf6 gxf6 40. Rc1
f5 41. Rc3 Ke7 42. Re3+ Kf6 43. Re6+ Kg5 44. Rxd6 Rc2 45. Rc6 Kf4 46. Rh6 Kg5
47. Rh8 Rxc4 48. d6 Rd4 49. Rc8 Rxd6 50. Rxc5 Kg4 51. Rc4+ Kh3 52. Rc1 Rg6+ 53.
Kh1 Rg2 54. Rc2 Rg7 55. Rc3 Kg4 56. Rc4+ f4 57. Rc8 Kf5 58. Rc3 Ke4 59. Rc4+
Kd3 60. Rxf4 Ke2 61. Ra4 Kxf2 62. Ra2+ Kg3 63. Kg1 Rb7 64. Rg2+ 1/2-1/2